| 000 | 00666nam a2200193 i 4500 | ||
|---|---|---|---|
| 001 | 88580 | ||
| 003 | ES-MaACL | ||
| 005 | 20230906175903.0 | ||
| 007 | t| | ||
| 008 | 050105s1969 sp ||||1| spa d | ||
| 100 | 1 |
_aLamsdorff-Galagane, Vladimiro. _969875 |
|
| 245 | 1 | 0 |
_a¿Estructuralismo en la Filosofía del Derecho? / _cVladimiro Lamsdorff-Galagane. |
| 260 |
_aSantiago de Compostela : _bPorto y Cía., _c1969. |
||
| 300 |
_a111 p. ; _c19 cm. |
||
| 490 | 1 |
_aBiblioteca hispánica de filosofía del derecho ; _v3 |
|
| 830 | 0 |
_aBiblioteca hispánica de filosofía del derecho ; _v3 _9183210 |
|
| 852 |
_aES-MaACL _jC-40200 _bR.70853 |
||
| 999 |
_c88580 _d88580 |
||